000
00294nam a22001217a 4500
082
_a
_b
100
_a
Prabhakar Machvey
245
_a
Hindi ke sahithya nirmatha Jayashankar Prasad/
_c
by Prabhakar Machvey
260
_a
Delhi:
_b
Rajpal,
_c
1990.
300
_a
91p.
650
_a
942
_c
BK
999
_c
153377
_d
153377